000 00323nam a2200133Ia 4500
008 191201s2009 xx 000 0 und d
082 _a004.22
_bSHC
100 _aSHARMA, Nirmala
245 0 _aComputer Architecture
250 _a1st
260 _c2009
_bUniversities Prees
_aNEW DELHI
300 _a226
942 _2ddc
_cBK
_04
999 _c7799
_d7799